| 000 | 00327nam a22001337a 4500 | ||
|---|---|---|---|
| 020 | _a0070218927 | ||
| 082 |
_222 _a338.5 |
||
| 100 | _aFrank, Robert H. | ||
| 245 | _aMicroeconomics and behavior / | ||
| 250 | _a3rd ed. | ||
| 260 |
_aNew York, _bMcGraw Hill, _cc1997. |
||
| 300 |
_axxx, 744p. ; _bill. ; _c24 cm. |
||
| 942 |
_2ddc _cGEN |
||
| 999 |
_c2710 _d2710 |
||